000 00451nmm a2200157Ia 4500
008 251105s9999||||xx |||||||||||||||||und||
020 _a9789942092786
041 _aspa
100 _aKolberg, Joseph
245 0 _aHacia el Ecuador: relatos de viajes
264 _a[Quito, Ecuador] :
_bEditorial Abya-Yala,
_c2015
300 _a501 páginas
490 _aTierra Incógnita
856 _uhttps://public.digitaliapublishing.com/a/52429
942 _cCF
999 _c97795
_d97795